| 000 | 00910cam a2200277 i 4500 | ||
|---|---|---|---|
| 999 |
_c200440992 _d59204 |
||
| 003 | TR-AnTOB | ||
| 005 | 20220530101258.0 | ||
| 007 | ta | ||
| 008 | 840213s1962 gw a bd 000 0 ger | ||
| 040 |
_aDLC/ICU _beng _erda _cCGU _dm/c _dUtOrBLW _dEEM _dTR-AnTOBB |
||
| 041 | 0 | _ager | |
| 050 | 0 | 4 |
_aQD5 _b.R66 1962 |
| 090 |
_aQD5 _b.R66 1962 |
||
| 100 | 1 |
_aRömpp, Hermann _d1901-1964. _0http://id.loc.gov/authorities/names/n83828742. _9130613 _eauthor |
|
| 245 | 1 | 0 |
_aChemie Lexikon / _cHermann Römpp. |
| 250 | _aVöllig neu bearb. 5. Auflage. | ||
| 264 | 1 |
_aStuttgart : _bFranck, _c[1962] |
|
| 300 |
_a3 volumes (5920 columns) : _billustrations ; _c25 cm |
||
| 336 |
_atext _btxt _2rdacontent. |
||
| 337 |
_aunmediated _bn _2rdamedia. |
||
| 338 |
_avolume _bnc _2rdacarrier. |
||
| 504 | _aBIB | ||
| 650 | 0 |
_aChemistry _vDictionaries _xGerman _9130837 |
|
| 942 |
_2lcc _cBK |
||